Plánovanie prechodu na ISO 9001/14001:2015
Kľúčové oblasti v štruktúre a požiadavkách v nových návrhoch na zmenu noriem. Efektívne zvládnutie prechodu najpoužívanejších štandardov ISO 9001 a ISO 14001, a to na vydanie finálneho návrhu medzinárodného štandardu FDIS.
Guardado en:
| Autor principal: | |
|---|---|
| Otros Autores: | |
| Formato: | Capítulo de libro |
| Lenguaje: | eslovaco |
| Materias: | |
| Etiquetas: |
Sin Etiquetas, Sea el primero en etiquetar este registro!
|
MARC
| LEADER | 00000naa a2200000 4500 | ||
|---|---|---|---|
| 001 | 0205257 | ||
| 005 | 20231012072758.0 | ||
| 041 | 0 | |a slo | |
| 044 | |a SK | ||
| 245 | 1 | 0 | |a Plánovanie prechodu na ISO 9001/14001:2015 |c Juraj Kliment, Jiří Bašta |
| 520 | |a Kľúčové oblasti v štruktúre a požiadavkách v nových návrhoch na zmenu noriem. Efektívne zvládnutie prechodu najpoužívanejších štandardov ISO 9001 a ISO 14001, a to na vydanie finálneho návrhu medzinárodného štandardu FDIS. | ||
| 610 | 2 | 0 | |a normy medzinárodné |
| 610 | 2 | 0 | |a certifikácia |
| 610 | 2 | 0 | |a štandardy medzinárodné |
| 610 | 2 | 0 | |a tvorba noriem |
| 610 | 2 | 0 | |a kvalita |
| 610 | 2 | 0 | |a revízia |
| 100 | 1 | |a Kliment, Juraj | |
| 700 | 1 | |a Bašta, Jiří | |